000 00915nam a22002417a 4500
999 _c15788
_d15788
003 AR-CdUCM
008 190308b ||||| |||| 00| 0 spa d
040 _aMUNICIPALIDAD PROVINCIAL DEL CUSCO
_cBIBLIOTECA MUNICIPAL DEL CUSCO
082 _aC / 702 /
_bC1
100 _a Rodriguez Jimenez, Oswaldo
_913634
245 _aCatalogación del Patrimonio Artistico Religioso 1950 - 1994 /
260 _aCusco :
_bInstituto Nacional de Cultura,
_c1994.
300 _a63 páginas ;
_bFotografías ;
_c18.5 cm.
500 _aNota : Patrimonio artístico religioso
650 _aPatrimonio artístico religioso
_913635
650 _aCatalogación de Arte decorativo
_913636
650 _aArte decorativo - Templos - Cusco
_913637
650 _aTemplos - Cusco
_913638
650 _aImaginería
_93118
710 _aInstituto Nacional de Cultura - Cusco
_99277
942 _2ddc
_cLIBROS
945 _awnts
_d2019-04-30